00692nam a2200181 a 450000100100000000500170001000800410002704000250006808200160009310000320010924500810014126000370022230000210025950000730028059000260035395201140037999900170049300004800420201002060846.0181012s1989 dr r 000 0 spa d aDO-SdBNPbspacBNPHU axxxxbL333m1 aLarrañaga, Ignacio95389710aMuéstrame tu rostro :bhacia la intimidad con Dios /cIgnacio Larrañaga. aSanto Domingo :bSusaeta,c1989. a382 p. ;c19 cm. aIncluye referencias bibliográficas y notas al pie de las páginas aInventariado, 2018/BT 0010718PDaPDbPDcHDd2018-10-12iLF1l0oxxxx L333mp48004-10r2020-06-25w2020-06-25yLFPDZNo se presta c47492d47492